000
00327 a2200157 4500
001
58790
020
_a
9788576753452
040
_c
Anchieta - Pituba
100
_a
Motooka, Débora Yumi
240
1
0
_a
História
_l
por
245
1
0
_a
História
300
_a
272
362
0
_a
2008
650
4
_a
História do mundo
942
_c
BK
999
_c
58790
_d
58790